01215nab a22002057a 4500003000400000005001700004008004100021040000700062100002100069245021500090260007200305300001300377500003800390505029500428505008900723650002000812650001900832650002600851773013200877OSt20260114021337.0190605e xxu||||| |||| 00| 0 spa d cPJ aBerzano, Gisela 13aAlgunas nociones sobre la prescripción en el régimen disciplinario de la Ley Marco de Regulación del Empleo Público Nacional N.º 25.164 y su implicancia en el procedimiento sumarial /cGisela Berzano.  aCiudad Autónoma de Buenos Aires :bThomson Reuters La Ley,c2024. ap. 76-85 aCita: TR LALEY AR/DOC/888/2024.  aSumario: I. Consideraciones previas.— II. La prescripción en el procedimiento administrativo disciplinario.— III. Una vez Prescripto...— IV. El art. 37 de la Ley Marco de Regulación del Empleo Público Nacional.— V. Quién lo alega.— VI. Desde cuando.— VII. Conclusión.  t¿Te interesa el texto completo? Solicitalo al correo: koha@justierradelfuego.gov.ar 0aDERECHO LABORAL 0aEMPLEO PUBLICO 0aREGIMEN DISCIPLINARIO0 02711dCiudad Autónoma de Buenos Aires : Thomson Reuters La Ley, 1999-2002.tRevista de derecho del trabajo. Nº 3 - Mayo 2024